[Event "OBEM 2015"]
[Site "Germany , Bremen"]
[Date "2015.03.29"]
[Round "3.1"]
[White "Veit, Ingo"]
[Black "Jugelt, Tobias"]
[Result "0-1"]
[WhiteElo "2001"]
[BlackElo "2416"]
[PlyCount "50"]

1. e4 c5 2. Na3 b6 3. g3 Bb7 4. Bg2 g6 5. c3 Bg7 6. d3 e6 7. Qe2 d6 8. f4 Qd7
9. Nf3 Ne7 10. Bd2 Nbc6 11. Nc2 b5 12. O-O O-O 13. Rad1 a5 14. Be1 b4 15. d4
bxc3 16. bxc3 cxd4 17. Nfxd4 Nxd4 18. Nxd4 Qa4 19. Rf2 Rfc8 20. f5 exf5 21.
exf5 Bxg2 22. fxg6 hxg6 23. Kxg2 Nd5 24. Nb5 Qxd1 25. Qxd1 Ne3+ 0-1

[Event "OBEM 2015"]
[Site "Germany , Bremen"]
[Date "2015.03.29"]
[Round "2.1"]
[White "Balazs, Balint"]
[Black "Hundack, 2246."]
[Result "1-0"]
[WhiteElo "1940"]
[BlackElo "2246"]
[PlyCount "99"]

1. e4 e5 2. Bc4 Nc6 3. Nc3 Bc5 4. Qg4 g6 5. Qg3 Nf6 6. Nf3 Nh5 7. Qg5 Be7 8.
Qe3 d6 9. d4 exd4 10. Nxd4 O-O 11. O-O Bf6 12. Nxc6 bxc6 13. f4 Bg7 14. f5 d5
15. exd5 Qh4 16. f6 Nxf6 17. Qe2 cxd5 18. Rf4 Qh5 19. Nxd5 Qxe2 20. Nxf6+ Bxf6
21. Bxe2 Be5 22. Re4 Bg7 23. c3 Be6 24. Bf4 c6 25. Bc4 Bd5 26. Bxd5 cxd5 27.
Ra4 Rfe8 28. Rd1 Re4 29. Rxe4 dxe4 30. Rd7 h6 31. Kf2 g5 32. Bd6 a6 33. Ke3 f5
34. g4 fxg4 35. Kxe4 Re8+ 36. Kf5 Re2 37. c4 Bxb2 38. c5 Rf2+ 39. Kxg4 Ba3 40.
Rd8+ Kh7 41. Kh5 Re2 42. Rd7+ Kg8 43. Kxh6 Re6+ 44. Kxg5 Bxc5 45. Bxc5 Re5+ 46.
Kg6 Re6+ 47. Kf5 Re2 48. h4 Rxa2 49. Be3 Kf8 50. Bg5 1-0

[Event "OBEM 2015"]
[Site "Germany , Bremen"]
[Date "2015.03.29"]
[Round "3.3"]
[White "Gebur, Thomas"]
[Black "Steingraeber, Kai Uwe"]
[Result "0-1"]
[WhiteElo "1870"]
[BlackElo "2203"]
[PlyCount "76"]

1. e4 c5 2. Nc3 a6 3. a3 e6 4. Nge2 d5 5. exd5 exd5 6. d4 cxd4 7. Nxd4 Nc6 8.
Be2 Nf6 9. O-O Be7 10. Bf4 O-O 11. Qd2 Qb6 12. Nf3 Bf5 13. Na4 Qd8 14. Rad1 d4
15. Qc1 b5 16. Nc3 Qb6 17. Nb1 Rac8 18. Nh4 Be6 19. Rfe1 Na5 20. Qd2 Ne4 21.
Qd3 Nxf2 22. Kxf2 Bxh4+ 23. g3 Bf6 24. b3 Nb7 25. Qf3 Rxc2 26. Rd2 Rfc8 27. Bd3
Rxd2+ 28. Nxd2 Nc5 29. Bb1 Nd7 30. Qd3 g6 31. Nf3 Rc3 32. Qe4 Qc6 33. Nxd4 Qxe4
34. Rxe4 Nc5 35. Rxe6 Bxd4+ 36. Re3 Rxb3 37. Kf3 Bxe3 38. Bxe3 Ne6 0-1

[Event "OBEM 2015"]
[Site "Germany , Bremen"]
[Date "2015.03.30"]
[Round "3.4"]
[White "Kuegel, Tobias"]
[Black "Meyer, Thorsten"]
[Result "1-0"]
[WhiteElo "2189"]
[BlackElo "2004"]
[PlyCount "97"]

1. e4 c5 2. c4 e5 3. Ne2 d6 4. d3 Ne7 5. g3 g6 6. Bg2 Bg7 7. Nbc3 Nbc6 8. O-O
O-O 9. Nd5 Nxd5 10. cxd5 Ne7 11. Qb3 b6 12. f4 f6 13. Nc3 Bd7 14. Nb5 Be8 15.
a4 a6 16. Nc3 Bd7 17. Be3 Kh8 18. fxe5 fxe5 19. Rxf8+ Bxf8 20. Rf1 Ng8 21. Qc2
Bg7 22. Qd2 Bf6 23. Rb1 a5 24. Rf1 Qe7 25. b3 Rf8 26. Nd1 g5 27. h3 h5 28. Nb2
Kg7 29. Kh2 Kg6 30. Qe2 g4 31. Nc4 Rb8 32. hxg4 hxg4 33. Rf5 Bxf5 34. exf5+ Kf7
35. Qxg4 Kf8 36. Qh5 b5 37. axb5 Rxb5 38. g4 Rxb3 39. g5 Bg7 40. f6 Nxf6 41.
gxf6 Qxf6 42. Bg5 Qf7 43. Qd1 a4 44. Nxd6 Qg6 45. Ne4 Rb4 46. d6 Rd4 47. Qg4 a3
48. Be7+ Kf7 49. Ng5+ 1-0

[Event "OBEM 2015"]
[Site "Germany , Bremen"]
[Date "2015.03.29"]
[Round "3.5"]
[White "Heldt, Nils-Lennart"]
[Black "Lai Hop, Duong"]
[Result "0-1"]
[WhiteElo "1708"]
[BlackElo "2142"]
[PlyCount "116"]

1. d4 d5 2. c4 c6 3. Nf3 Nf6 4. Nc3 dxc4 5. a4 Bf5 6. e3 e6 7. Bxc4 Bb4 8. O-O
O-O 9. Qe2 Bg6 10. Rd1 Nbd7 11. Bd3 Qe7 12. Bxg6 hxg6 13. e4 e5 14. d5 Rfd8 15.
dxc6 bxc6 16. Bg5 Nc5 17. Qc4 Rxd1+ 18. Rxd1 Rb8 19. Be3 Ng4 20. Bg5 {(=)} Qe6
21. Qxe6 Nxe6 22. h3 Nxg5 23. Nxg5 Nf6 24. Na2 Be7 25. b4 Rd8 26. Rxd8+ Bxd8
27. Nc3 Be7 28. b5 cxb5 29. axb5 Bb4 30. Na4 Nd7 31. Nf3 Kf8 32. Kf1 Ke7 33.
Ne1 Bxe1 34. Kxe1 Kd6 35. Kd2 Nb6 36. Nb2 Kc5 37. Nd3+ Kd4 38. Nb4 Kxe4 39. Nc6
Nc8 40. Kc3 Kd5 41. Kb4 f6 42. Ka5 Kc5 43. Ka6 g5 44. f3 g6 45. Ka5 Kd5 46. Ka6
Kc4 47. Ka5 Kb3 48. Ka6 Ka4 49. Nxa7 Nxa7 50. b6 Nc6 51. b7 Nb8+ 52. Kb6 Kb4
53. Kc7 Na6+ 54. Kb6 Nc5 55. b8=Q Nd7+ 56. Kc6+ Nxb8+ 57. Kd6 Kc4 58. Ke6 Nd7
0-1

[Event "OBEM 2015"]
[Site "Germany , Bremen"]
[Date "2015.03.29"]
[Round "3.6"]
[White "Bertram, Karsten"]
[Black "Meyer, Irmin"]
[Result "0-1"]
[WhiteElo "2133"]
[BlackElo "1997"]
[PlyCount "74"]

1. e4 c6 2. d4 d5 3. e5 Bf5 4. Ne2 e6 5. Ng3 Bg6 6. h4 h5 7. Be2 Be7 8. Nxh5
Bxh5 9. Bxh5 c5 10. Qg4 Kf8 11. Rh3 Nh6 12. Bxh6 Rxh6 13. Rf3 f5 14. exf6 Bxf6
15. Nd2 Nc6 16. c3 cxd4 17. cxd4 Nxd4 18. Qxd4 Rxh5 19. Qg4 Re5+ 20. Kf1 Rc8
21. Rd1 Ke7 22. Rb3 b6 23. Rd3 Qe8 24. Qb4+ Kf7 25. g3 Qe7 26. Qg4 Kg8 27. Kg2
Qe8 28. Qb4 Qc6 29. Qg4 Qe8 30. Qb4 Qg6 31. Nf3 Re4 32. Qd6 Qf7 33. Rc3 Bxc3
34. Ng5 Qf5 35. Qd7 Rf8 36. f3 Re2+ 37. Kf1 Qc2 0-1

[Event "OBEM 2015"]
[Site "Germany , Bremen"]
[Date "2015.03.29"]
[Round "3.7"]
[White "Mueller, Wolfgang"]
[Black "Rieping, Heiner"]
[Result "1/2-1/2"]
[WhiteElo "2025"]
[BlackElo "1878"]
[PlyCount "84"]

1. e4 d5 2. exd5 Qxd5 3. Nc3 Qa5 4. d4 Nf6 5. Nf3 Bg4 6. h3 Bxf3 7. Qxf3 c6 8.
Bd3 e6 9. O-O Be7 10. Be3 Nbd7 11. a3 O-O 12. b4 Qc7 13. Ne4 Nxe4 14. Qxe4 Nf6
15. Qf3 Rad8 16. Rfd1 Nd5 17. Bd2 Bf6 18. Qe4 g6 19. c4 Ne7 20. Be3 Nf5 21. Be2
Qb6 22. c5 Qc7 23. Bf4 Qc8 24. Be5 Bxe5 25. dxe5 Rxd1+ 26. Rxd1 Rd8 27. Rxd8+
Qxd8 28. Qd3 Qd5 29. Qxd5 exd5 30. Bd3 Nd4 31. f4 Kf8 32. Kf2 Ke7 33. g4 f6 34.
exf6+ Kxf6 35. Ke3 Ne6 36. h4 Ng7 37. h5 gxh5 38. g5+ Ke6 39. Bxh7 Nf5+ 40. Kf2
h4 41. Bg8+ Ke7 42. Bh7 Ke6 1/2-1/2

[Event "OBEM 2015"]
[Site "Germany , Bremen"]
[Date "2015.03.29"]
[Round "3.8"]
[White "Buhrdorf, Axel"]
[Black "Margraf, Daniel"]
[Result "0-1"]
[WhiteElo "1813"]
[BlackElo "2291"]
[PlyCount "104"]

1. e4 e5 2. Nf3 d6 3. d4 exd4 4. Nxd4 Nf6 5. Nc3 Be7 6. Be2 O-O 7. Be3 Nc6 8.
f3 d5 9. Nxd5 Nxd5 10. exd5 Qxd5 11. Nxc6 Qxc6 12. Qd3 Rd8 13. Qe4 Qxe4 14.
fxe4 Bh4+ 15. g3 Bf6 16. c3 Bd7 17. O-O-O Bc6 18. Rxd8+ Rxd8 19. Bf3 Rd3 20.
Re1 Be5 21. Rd1 Rxd1+ 22. Kxd1 a6 23. Ke2 f6 24. Bd4 Bd6 25. Ke3 Kf7 26. Be2
Ke7 27. Bg4 Be8 28. c4 c5 29. Bc3 h5 30. Bc8 Bc6 31. a3 h4 32. Kf3 g6 33. b4 f5
34. gxh4 Bxe4+ 35. Kf2 Bxh2 36. bxc5 Bf4 37. a4 Bc7 38. Bd2 Be5 39. Bg5+ Kf7
40. Ke3 Bc6 41. Bh6 Bb2 42. Kd2 Be4 43. Bf4 Bf6 44. Bg5 a5 45. Kc1 Bc3 46. Kd1
Bc6 47. Kc2 Bb4 48. h5 Be4+ 49. Kb3 gxh5 50. Be3 h4 51. Bd7 h3 52. Bg1 Bxc5 0-1

[Event "OBEM 2015"]
[Site "Germany , Bremen"]
[Date "2015.03.29"]
[Round "3.9"]
[White "Issing, Peter"]
[Black "Lubbe, Alexander"]
[Result "1-0"]
[WhiteElo "2208"]
[BlackElo "1905"]
[PlyCount "131"]

1. Nf3 d5 2. c4 c6 3. e3 Nf6 4. d4 Bg4 5. cxd5 Bxf3 6. Qxf3 cxd5 7. Nc3 e6 8.
Bd3 Nc6 9. O-O Bd6 10. a3 O-O 11. b4 Qc7 12. h3 a6 13. Bb2 Qe7 14. Rac1 Nd7 15.
Na4 f5 16. Nc5 Nf6 17. Qd1 g5 18. f4 g4 19. hxg4 Nxg4 20. Qe1 Rf6 21. Rf3 Rh6
22. Rh3 Qg7 23. Qg3 Bxc5 24. Rxh6 Bxd4 25. exd4 Qxh6 26. b5 axb5 27. Bxb5 Rc8
28. a4 Kf7 29. a5 Nf6 30. Qg5 Qxg5 31. fxg5 Ne4 32. a6 bxa6 33. Bxc6 Nxg5 34.
Bb7 Rb8 35. Rc7+ Kg6 36. Bc1 Nf7 37. Bxa6 e5 38. Rc6+ Kg7 39. Bc8 exd4 40. Bxf5
Ne5 41. Bh6+ Kf7 42. Rd6 d3 43. Rxd5 Rb1+ 44. Kf2 Kf6 45. g4 Rb2+ 46. Kg3 Nf7
47. Be3 Rb3 48. Bd4+ Ke7 49. Kf2 h5 50. gxh5 d2 51. Ke2 Nh6 52. Bg6 Ng4 53.
Kxd2 Rh3 54. Ra5 Rh2+ 55. Kd3 Rh3+ 56. Kc4 Ne3+ 57. Kc5 Ng4 58. Ra7+ Kf8 59.
Rf7+ Kg8 60. Re7 Rf3 61. Rd7 Nf6 62. Rd8+ Kg7 63. Kd6 Rf1 64. Ke6 Rf4 65. Rd7+
Kh6 66. Be3 1-0

[Event "OBEM 2015"]
[Site "Germany , Bremen"]
[Date "2015.03.29"]
[Round "3.10"]
[White "Buescher, Andre"]
[Black "Bonacic, Jascha"]
[Result "1-0"]
[WhiteElo "2076"]
[BlackElo "1861"]
[PlyCount "87"]

1. e4 d5 2. exd5 Qxd5 3. Nf3 Nf6 4. d4 Bf5 5. Be2 e6 6. O-O c6 7. c4 Qd8 8. Nc3
Be7 9. Nh4 Bg6 10. Nxg6 hxg6 11. Bf3 O-O 12. Re1 Bb4 13. Qb3 Bxc3 14. Qxc3 Nbd7
15. b3 Re8 16. Bb2 Rc8 17. a4 a5 18. Re3 b5 19. axb5 cxb5 20. c5 b4 21. Qc4 Nb6
22. Qb5 Nbd5 23. Re5 Ra8 24. g3 Qc7 25. h4 Reb8 26. Qd3 Qc6 27. Bd1 Rd8 28. Bc2
Nc7 29. Rae1 Nb5 30. Bd1 Nd7 31. Rg5 e5 32. Bf3 Nxc5 33. dxc5 e4 34. Qxe4 Qxe4
35. Bxe4 Ra7 36. c6 f5 37. Bf3 Rd2 38. Re2 Nd4 39. Bxd4 Rxd4 40. Rc2 Rc7 41. h5
Rd3 42. Kg2 gxh5 43. Rxf5 g6 44. Rxa5 1-0

[Event "OBEM 2015"]
[Site "Germany , Bremen"]
[Date "2015.03.29"]
[Round "3.11"]
[White "Klemm, Robert"]
[Black "Webner, Dennis"]
[Result "1/2-1/2"]
[WhiteElo "1860"]
[BlackElo "2073"]
[PlyCount "93"]

1. Nf3 e6 2. g3 f5 3. Bg2 Nf6 4. O-O Be7 5. d4 d6 6. c4 O-O 7. Nc3 Nc6 8. d5
Ne5 9. b3 Nxf3+ 10. Bxf3 e5 11. e4 Qe8 12. Bg2 Qg6 13. Qe2 f4 14. Bd2 Ng4 15.
gxf4 exf4 16. f3 Ne5 17. Nb5 Bd8 18. Nd4 Qh5 19. Ne6 Bxe6 20. dxe6 Rf6 21. Rf2
g5 22. h3 Rxe6 23. Kf1 Bf6 24. Rc1 Nc6 25. Qd3 Rae8 26. Qd5 Qf7 27. h4 h6 28.
Bh3 R6e7 29. hxg5 Bxg5 30. Qxf7+ Rxf7 31. Bg4 Ne5 32. Bh5 Nd3 33. Rg2 Nxc1 34.
Bxf7+ Kxf7 35. Bxc1 Re5 36. Rh2 Ra5 37. Rc2 Kg6 38. b4 Re5 39. Rg2 Kh7 40. Rh2
Re8 41. Kg2 c5 42. bxc5 dxc5 43. Kh3 Rd8 44. Kg4 Kg6 45. Bxf4 Rd1 46. Bg3 Rd4
47. Rc2 1/2-1/2

[Event "OBEM 2015"]
[Site "Germany , Bremen"]
[Date "2015.03.30"]
[Round "3.12"]
[White "Stieglitz, Dirk"]
[Black "Lange, Martin"]
[Result "1-0"]
[WhiteElo "2055"]
[BlackElo "1869"]
[PlyCount "95"]

1. d4 Nf6 2. c4 e6 3. Nc3 d5 4. cxd5 exd5 5. Bg5 Be7 6. e3 c6 7. Bd3 Ng4 8. Bf4
Bg5 9. Bg3 O-O 10. Nf3 Re8 11. Nxg5 Qxg5 12. O-O Bf5 13. Bf4 Qg6 14. Bxf5 Qxf5
15. b4 Nd7 16. b5 Nb6 17. bxc6 bxc6 18. Na4 Nc4 19. Nc5 g5 20. Bg3 Nf6 21. Qb1
Qxb1 22. Rfxb1 Nd2 23. Rb7 Nfe4 24. Nd7 Re6 25. Bb8 a5 26. f3 Nd6 27. Bxd6 Rxd6
28. Ne5 f6 29. Nf7 Re6 30. Nh6+ Kh8 31. Nf5 h5 32. Kf2 Nc4 33. Rab1 Nd2 34.
Rb8+ Rxb8 35. Rxb8+ Kh7 36. Rb7+ Kh8 37. Ng7 Rd6 38. Nxh5 Kg8 39. Ng7 Nc4 40.
Rc7 Kf8 41. Rb7 a4 42. g3 a3 43. Nf5 Re6 44. h4 Na5 45. Ra7 Nc4 46. h5 Re8 47.
h6 Kg8 48. Rg7+ 1-0

[Event "OBEM 2015"]
[Site "Germany , Bremen"]
[Date "2015.03.29"]
[Round "3.13"]
[White "Koerber, Uwe"]
[Black "Haerig, Wilfried"]
[Result "0-1"]
[WhiteElo "1832"]
[BlackElo "2045"]
[PlyCount "102"]

1. e4 c5 2. Nc3 g6 3. f4 Bg7 4. Nf3 d6 5. Bb5+ Bd7 6. Bc4 a6 7. d3 b5 8. Bb3
Nc6 9. O-O e6 10. Qe1 Na5 11. a3 Nxb3 12. cxb3 b4 13. axb4 cxb4 14. Nd1 a5 15.
Ne3 Ne7 16. Kh1 Bb5 17. Qd1 O-O 18. Rf2 Qb6 19. Rc2 d5 20. e5 Rfc8 21. d4 Rxc2
22. Qxc2 Rc8 23. Qd1 h5 24. Bd2 Rc6 25. Rc1 Bh6 26. g3 Bd3 27. Kg2 Be4 28. Kf2
Bxf3 29. Kxf3 Qxd4 30. Rxc6 Qe4+ 31. Kf2 Nxc6 32. Qc2 Nd4 33. Qxe4 dxe4 34. Nc4
Nxb3 35. Ke3 Bf8 36. Kxe4 a4 37. Kd3 Nxd2 38. Nxd2 Be7 39. Ne4 Kf8 40. Kc4 Ke8
41. Kb5 a3 42. bxa3 bxa3 43. Nc3 Kd7 44. Kc4 Kc6 45. Kb3 Bc5 46. Ne4 Bg1 47. h3
Bh2 48. Kxa3 Kd5 49. Nc3+ Kd4 50. Nb5+ Ke3 51. Nd6 Bxg3 0-1

[Event "OBEM 2015"]
[Site "Germany , Bremen"]
[Date "2015.03.30"]
[Round "3.14"]
[White "Erofeev, Anastasia"]
[Black "Bokelmann, Joachim"]
[Result "1/2-1/2"]
[WhiteElo "1864"]
[BlackElo "2022"]
[PlyCount "38"]

1. e4 d5 2. exd5 Qxd5 3. Nc3 Qd6 4. d4 Nf6 5. Be3 c6 6. Bd3 Bg4 7. f3 Bh5 8.
Qd2 e6 9. Nge2 Be7 10. O-O-O Nd5 11. Nf4 Nxe3 12. Qxe3 Bg5 13. Nce2 Bg6 14. Kb1
Nd7 15. h4 Bxf4 16. Nxf4 Bxd3 17. Nxd3 O-O 18. f4 Nf6 19. c3 Qd5 1/2-1/2

[Event "OBEM 2015"]
[Site "Germany , Bremen"]
[Date "2015.03.29"]
[Round "3.15"]
[White "Jung, Gerald"]
[Black "Friesen, Walter"]
[Result "1-0"]
[WhiteElo "1953"]
[BlackElo "1764"]
[PlyCount "63"]

1. e4 c5 2. Nf3 d6 3. d4 cxd4 4. Nxd4 Nf6 5. Nc3 a6 6. Bg5 e6 7. f4 Be7 8. Qf3
h6 9. Bh4 Nbd7 10. O-O-O Qc7 11. Bd3 b5 12. e5 Bb7 13. Nxe6 fxe6 14. Bg6+ Kd8
15. exf6 Nxf6 16. Qe2 Qc4 17. Qe3 Bxg2 {(=)} 18. Bd3 Qc6 19. Rhe1 Qc8 20. Bf5
Rb8 21. Bxe6 Qc7 22. Re2 Bc6 23. Ree1 Rb7 24. f5 Qb6 25. Qe5 Ne8 26. Rxd6+ Nxd6
27. Qxd6+ Ke8 28. Bxe7 Rxe7 29. Nd5 Qa7 30. Qxc6+ Kf8 31. Nxe7 Qxe7 32. Qc8+
1-0

[Event "OBEM 2015"]
[Site "Germany , Bremen"]
[Date "2015.03.29"]
[Round "3.16"]
[White "Boehning, Kilian"]
[Black "Lai Hop, Long"]
[Result "1-0"]
[WhiteElo "1914"]
[BlackElo "1796"]
[PlyCount "55"]

1. e4 c5 2. Nf3 d6 3. d4 cxd4 4. Nxd4 Nf6 5. Nc3 a6 6. Be3 Qc7 7. a4 b6 8. Bd3
Nbd7 9. f4 Bb7 10. Qf3 e6 11. g4 Nc5 12. g5 Nfd7 13. O-O g6 14. Nce2 Bg7 15. b4
Nxd3 16. cxd3 e5 17. Rac1 Qd8 18. Nc6 Bxc6 19. Rxc6 Qb8 20. f5 O-O 21. f6 Bh8
22. Nc3 h5 23. Nd5 b5 24. a5 Kh7 25. Rc7 Rd8 26. Qh3 Nf8 27. Rxf7+ Kg8 28. Rc7
1-0

[Event "OBEM 2015"]
[Site "Germany , Bremen"]
[Date "2015.03.29"]
[Round "3.17"]
[White "Quass, Michael"]
[Black "Peters, Frank"]
[Result "1/2-1/2"]
[WhiteElo "1779"]
[BlackElo "2109"]
[PlyCount "75"]

1. Nf3 g6 2. g3 Bg7 3. Bg2 d6 4. d4 Nd7 5. c4 e5 6. Nc3 Ngf6 7. O-O O-O 8. b3
Re8 9. dxe5 dxe5 10. Qc2 c6 11. e3 Qc7 12. Bb2 Nc5 13. Rfd1 Bf5 14. Qe2 e4 15.
Ne1 Bg4 16. f3 exf3 17. Bxf3 h5 18. Nd3 Ne6 19. Nf4 Ng5 20. Bxg4 Nxg4 21. Rd3
Ne5 22. Rdd1 h4 23. Kg2 Qc8 24. gxh4 Ngf3 25. h5 g5 26. Nd3 Qg4+ 27. Kh1 Qxh5
28. Ne4 Nxd3 29. Ng3 Qg6 30. Bxg7 Kxg7 31. Qxf3 g4 32. Qf5 Rxe3 33. Rf1 Re5 34.
Qd7 Rae8 35. Nf5+ Rxf5 36. Qxf5 Re2 37. Qxg6+ Kxg6 38. Kg1 1/2-1/2

[Event "OBEM 2015"]
[Site "Germany , Bremen"]
[Date "2015.03.29"]
[Round "3.18"]
[White "Kardoeus, David"]
[Black "Bruening, Martin"]
[Result "1-0"]
[WhiteElo "2108"]
[BlackElo "1778"]
[PlyCount "111"]

1. e4 c6 2. d4 d5 3. e5 Bf5 4. Nf3 e6 5. Be2 Qb6 6. O-O c5 7. c4 dxc4 8. Nc3
cxd4 9. Nxd4 Ne7 10. Be3 Qd8 11. Ndb5 Nec6 12. Qxd8+ Kxd8 13. Rfd1+ Nd7 14. f4
a6 15. Nd6 Bxd6 16. Rxd6 Kc7 17. Rad1 Rad8 18. Bxc4 Nb6 19. Be2 Nc8 20. Rxd8
Rxd8 21. Rc1 Kb8 22. Kf2 N8e7 23. Bc5 Rd2 24. b4 Rc2 25. Rxc2 Bxc2 26. b5 axb5
27. Nxb5 Nd5 28. g3 f6 29. Bg4 f5 30. Bf3 Ndb4 31. Bd6+ Kc8 32. Bxb4 Nxb4 33.
a3 Nd3+ 34. Ke3 Nc5 35. Nd6+ Kb8 36. h4 g6 37. Kd4 b6 38. Nf7 Ba4 39. h5 Kc7
40. h6 Nd7 41. Kc4 Nf8 42. Kb4 Bc6 43. Be2 Nd7 44. Bc4 Nf8 45. Nd6 Bd7 46. Bb5
Bc6 47. Bxc6 Kxc6 48. Kc4 Nd7 49. Nb5 Nc5 50. Nd4+ Kc7 51. Kb5 Kb7 52. a4 Ne4
53. Nxe6 Nxg3 54. Nf8 Ne2 55. Nxh7 Nxf4 56. Ng5 1-0

[Event "OBEM 2015"]
[Site "Germany , Bremen"]
[Date "2015.03.29"]
[Round "3.19"]
[White "Pautz, Peter"]
[Black "Rademacher, Uwe"]
[Result "1-0"]
[WhiteElo "2082"]
[BlackElo "1773"]
[PlyCount "79"]

1. d4 c6 2. Nf3 d5 3. g3 Nf6 4. Bg2 e6 5. O-O Bd6 6. Nbd2 Nbd7 7. c4 O-O 8. Qc2
Re8 9. e4 dxe4 10. Nxe4 Nxe4 11. Qxe4 Nf6 12. Qc2 Qc7 13. c5 Be7 14. Bf4 Qd8
15. Bg5 Nd5 16. Bxe7 Qxe7 17. Rfe1 Bd7 18. Ne5 f6 19. Nc4 Rf8 20. a3 Be8 21.
Bh3 Bg6 22. Qe2 e5 23. dxe5 Qxc5 24. Rac1 Qe7 25. f4 f5 26. Nd6 Rad8 27. Qc2
Ne3 28. Qb3+ Nd5 29. Bg2 Bf7 30. Nxf5 Qc7 31. Nd6 Rxd6 32. exd6 Qxd6 33. Qxb7
c5 34. Qxa7 Nb6 35. Qe7 Qd4+ 36. Qe3 Qxb2 37. Qxc5 Rc8 38. Qxc8+ Nxc8 39. Rxc8+
Be8 40. Bd5+ 1-0

[Event "OBEM 2015"]
[Site "Germany , Bremen"]
[Date "2015.03.29"]
[Round "3.20"]
[White "Goes, Carsten"]
[Black "Mulde, Ralf"]
[Result "0-1"]
[WhiteElo "1761"]
[BlackElo "2012"]
[PlyCount "48"]

1. e4 Nf6 2. e5 Nd5 3. d4 d6 4. Nf3 dxe5 5. Nxe5 c6 6. Bd3 Nd7 7. O-O Nb4 8.
Be2 Nxe5 9. dxe5 Qxd1 10. Bxd1 Bf5 11. Na3 O-O-O 12. Be3 Kb8 13. Bc5 e6 14.
Bxb4 Bxb4 15. Nc4 Bc5 16. Re1 b5 17. Na5 Kc7 18. Nb3 Bb6 19. Bf3 c5 20. c4 bxc4
21. Nc1 Rd2 22. b3 c3 23. a4 c4 24. Rf1 Bd3 0-1

[Event "OBEM 2015"]
[Site "Germany , Bremen"]
[Date "2015.03.29"]
[Round "3.21"]
[White "Ungar, Benedict"]
[Black "Beinke, Lukas"]
[Result "0-1"]
[WhiteElo "1749"]
[BlackElo "1958"]
[PlyCount "36"]

1. Nf3 Nf6 2. d3 d5 3. g3 Bf5 4. Bg2 c6 5. b3 Nbd7 6. Bb2 Qc7 7. Nbd2 e5 8. O-O
Bd6 9. c4 O-O 10. cxd5 cxd5 11. Rc1 Qb6 12. e4 Bg6 13. Nh4 Nc5 14. Nxg6 hxg6
15. Qe2 Qb5 16. Ba3 dxe4 17. Nxe4 Nfxe4 18. Bxe4 Nxe4 0-1

[Event "OBEM 2015"]
[Site "Germany , Bremen"]
[Date "2015.03.29"]
[Round "3.22"]
[White "Schwenke, Stefan"]
[Black "Rau, Nikita"]
[Result "1/2-1/2"]
[WhiteElo "1742"]
[BlackElo "1939"]
[PlyCount "40"]

1. e4 c5 2. g3 Nc6 3. Bg2 g6 4. c3 Bg7 5. Ne2 d6 6. b3 Nf6 7. Bb2 O-O 8. d4
cxd4 9. Nxd4 Bd7 10. Nd2 Rc8 11. O-O a6 12. Qe2 Nxd4 13. cxd4 Rc2 14. Rfb1 b5
15. Qd3 Rc7 16. Rc1 Rxc1+ 17. Rxc1 Qa5 18. a3 Rd8 19. Bc3 Qb6 20. b4 Rc8
1/2-1/2

[Event "OBEM 2015"]
[Site "Germany , Bremen"]
[Date "2015.03.29"]
[Round "3.23"]
[White "Wessels, Stefan"]
[Black "Hoose, Hannelore"]
[Result "1-0"]
[WhiteElo "1938"]
[BlackElo "1709"]
[PlyCount "81"]

1. e4 e6 2. d4 d5 3. Nd2 dxe4 4. Nxe4 Be7 5. Nf3 b6 6. Bd3 Bb7 7. c3 Nd7 8. Bf4
Ngf6 9. Nxf6+ Nxf6 10. O-O h6 11. Re1 Rc8 12. Qa4+ Kf8 13. Ne5 a5 14. Rad1 Qe8
15. Qc2 Bd6 16. c4 Bxe5 17. Bxe5 Qd7 18. d5 exd5 19. Bf5 Qc6 20. Bxc8 Bxc8 21.
Bxf6 gxf6 22. Rxd5 Be6 23. Rd8+ Kg7 24. Rxh8 Kxh8 25. b3 Kg7 26. Re3 Qd6 27. h3
Qd4 28. Qd3 Qa1+ 29. Kh2 f5 30. Qc3+ Qxc3 31. Rxc3 Kf6 32. f4 c5 33. Kg3 Kg6
34. a4 h5 35. Rd3 Kf6 36. Rd6 Ke7 37. Rxb6 Kd7 38. Rb5 Kc6 39. Rxa5 Kb6 40.
Rb5+ Kc6 41. a5 1-0

[Event "OBEM 2015"]
[Site "Germany , Bremen"]
[Date "2015.03.29"]
[Round "3.24"]
[White "Norbach, Alexander"]
[Black "Traetmar, Mattis"]
[Result "1/2-1/2"]
[WhiteElo "1928"]
[BlackElo "1689"]
[PlyCount "118"]

1. d4 Nf6 2. c4 g6 3. g3 Bg7 4. Bg2 d5 5. Nf3 O-O 6. O-O Nc6 7. Nbd2 Bf5 8. e3
Bd3 9. Re1 dxc4 10. Ne5 Nxe5 11. dxe5 Nd5 12. Bxd5 Qxd5 13. f4 f6 14. exf6 Bxf6
15. Nb1 Qc6 16. Nc3 Rad8 17. Qa4 Qf3 18. Qd1 Qc6 19. Qa4 Qc5 20. Qb5 Qxb5 21.
Nxb5 c6 22. Nd4 Rxd4 23. exd4 Bxd4+ 24. Kg2 e5 25. Rxe5 Bxe5 26. fxe5 Rf1 27.
e6 Re1 28. Kf2 Rd1 29. a4 h6 30. h4 a5 31. Kf3 Bf5 32. Kg2 Bg4 33. Kf2 Bxe6 34.
Ke2 Bg4+ 35. Kf2 Bd7 36. Ke2 Rh1 37. Kd2 Rg1 38. Ra3 b5 39. axb5 cxb5 40. Kc2
Bf5+ 41. Kd2 Bd3 42. Rxa5 Rxg3 43. Kc3 Bf1+ 44. Kb4 Rb3+ 45. Kc5 c3 46. Ra2 Bd3
47. Kd6 Kg7 48. bxc3 Kf6 49. Rf2+ Bf5 50. Be3 Kf7 51. Bd4 b4 52. Re2 bxc3 53.
Re7+ Kg8 54. Rg7+ Kf8 55. Rc7 c2 56. Bg7+ Ke8 57. Bxh6 Rd3+ 58. Ke5 Rd1 59. Bg5
Re1+ 1/2-1/2

[Event "OBEM 2015"]
[Site "Germany , Bremen"]
[Date "2015.03.29"]
[Round "3.25"]
[White "Kuenitz, Bernhard"]
[Black "Buchloh, Adrian"]
[Result "1/2-1/2"]
[WhiteElo "1900"]
[BlackElo "1611"]
[PlyCount "54"]

1. c4 e5 2. Nc3 d6 3. g3 Be6 4. d3 Qd7 5. Bg2 Nc6 6. a3 g6 7. Nf3 Bh3 8. O-O
Bxg2 9. Kxg2 Bg7 10. Rb1 f5 11. e4 Nge7 12. b4 O-O 13. b5 Nd8 14. Bg5 Ne6 15.
Bxe7 Qxe7 16. Nd5 Qd7 17. exf5 Rxf5 18. Ne3 Rf7 19. h4 Rff8 20. Nd2 Nd4 21. Nc2
Ne6 22. Ne3 Nc5 23. Nb3 Ne6 24. Nd2 Rf7 25. Ne4 Raf8 26. a4 h6 27. Qg4 Kh7
1/2-1/2

[Event "OBEM 2015"]
[Site "Germany , Bremen"]
[Date "2015.03.29"]
[Round "3.26"]
[White "Ficken, Hartmut"]
[Black "Ditmas, Hugh"]
[Result "1/2-1/2"]
[WhiteElo "1698"]
[BlackElo "1893"]
[PlyCount "130"]

1. e4 c5 2. f4 Nc6 3. Nf3 g6 4. Bc4 e6 5. a3 Bg7 6. c3 Nge7 7. O-O O-O 8. d3 d5
9. Ba2 b5 10. Qc2 Bb7 11. Be3 d4 12. Bf2 Qb6 13. Nbd2 Rfd8 14. c4 b4 15. a4 h6
16. Rae1 Na5 17. b3 Re8 18. Qd1 Kh7 19. h3 Qc7 20. Bg3 f5 21. Bb1 Nac6 22. Re2
Ng8 23. Qe1 Qd7 24. Qf2 Nf6 25. Rfe1 Rf8 26. Bh2 Rae8 27. Bc2 fxe4 28. Nxe4
Nxe4 29. Rxe4 Nd8 30. Ne5 Bxe5 31. Rxe5 Rf5 32. Bd1 Nf7 33. Rxf5 exf5 34. Rxe8
Qxe8 35. Qe2 Qc6 36. Bg3 Kg7 37. Bh4 g5 38. fxg5 hxg5 39. Bg3 f4 40. Be1 Kf6
41. h4 f3 42. gxf3 g4 43. Qe4 gxf3 44. Bxf3 Qxe4 45. dxe4 Ne5 46. Bg2 Bc6 47.
Bd2 Bxa4 48. bxa4 b3 49. Bc1 Nxc4 50. Kf2 b2 51. Bxb2 Nxb2 52. Ke2 Nxa4 53. Kd3
Nb2+ 54. Kc2 Nc4 55. Kd3 Ne5+ 56. Kc2 c4 57. Bf1 Kg6 58. Bxc4 Nxc4 59. Kd3 Nb6
60. Kxd4 a5 61. Kc5 a4 62. Kb4 Kh5 63. e5 Kxh4 64. e6 Kg5 65. e7 Nd5+ 1/2-1/2

[Event "OBEM 2015"]
[Site "Germany , Bremen"]
[Date "2015.03.29"]
[Round "3.27"]
[White "Sausmikat, Armin"]
[Black "Gerken, Juergen"]
[Result "1/2-1/2"]
[WhiteElo "1893"]
[BlackElo "1599"]
[PlyCount "56"]

1. e4 d5 2. exd5 Qxd5 3. Nc3 Qa5 4. d4 c6 5. Bc4 Bf5 6. Nf3 e6 7. O-O Nf6 8.
Bf4 Nbd7 9. Qe2 Be7 10. a3 Qd8 11. Rad1 Nd5 12. Bd2 Bxc2 13. Rc1 Bg6 14. Ne5
Nxe5 15. dxe5 O-O 16. Rfd1 Bg5 17. Ne4 Bxe4 18. Qxe4 Bxd2 19. Rxd2 Qg5 20. Rcd1
f5 21. exf6 Rxf6 22. Bd3 Qh6 23. Bb1 Raf8 24. Re2 Nf4 25. Re3 Nxg2 26. Qxg2
Rxf2 27. Qh3 Qxh3 28. Rxh3 g6 1/2-1/2

[Event "OBEM 2015"]
[Site "Germany , Bremen"]
[Date "2015.03.29"]
[Round "3.28"]
[White "Kollars, Michael"]
[Black "Schwenteck, Peter"]
[Result "0-1"]
[WhiteElo "1632"]
[BlackElo "1888"]
[PlyCount "66"]

1. e4 e6 2. d4 d5 3. Nd2 Nf6 4. e5 Nfd7 5. Bd3 c5 6. c3 Nc6 7. Ne2 Be7 8. Nf3
cxd4 9. cxd4 Qb6 10. O-O Nf8 11. a3 Bd7 12. b4 a6 13. Be3 Ng6 14. Qd2 f6 15. g3
O-O 16. Bxg6 hxg6 17. Nh4 Be8 18. Qd3 fxe5 19. dxe5 Qc7 20. Nxg6 Nxe5 21. Nxe5
Qxe5 22. Bd4 Qh5 23. Nf4 Qh6 24. Rfe1 Bd7 25. Qe2 Rae8 26. a4 Bxb4 27. Reb1 a5
28. Qe5 Rf5 29. Qc7 Bc6 30. Nd3 e5 31. Bxe5 Rexe5 32. Nxe5 Bd6 33. Qd8+ Rf8 0-1